Guess the Harry Styles song with no hints #6 - Statistics

General Stats
  • This quiz has been taken 73 times
  • The average score is 170 of 238
Answer Stats
Answer % Correct
I
100%
You
100%
you
100%
a
98%
A
98%
the
98%
and
94%
me
94%
me,
94%
who
94%
your
92%
Your
92%
are
90%
in
90%
on
90%
to
90%
go
88%
I'm
88%
where
86%
was
84%
do
82%
my
82%
is
80%
just
80%
Just
80%
not
78%
for
76%
of
76%
about
73%
thinkin'
71%
But
69%
some
69%
up
69%
home
67%
freak,
65%
Little
65%
little
65%
too
65%
would
65%
never
63%
lights
61%
counter
59%
dream
59%
kitchen
59%
Or
59%
that
59%
will
57%
all
55%
bring
55%
sit
55%
Stay
55%
while
55%
worried
55%
delicate
53%
high
53%
point
53%
saw
53%
this
53%
view
53%
blue
51%
green
51%
ball
49%
birthmark
49%
Did
49%
sorry
49%
you've
49%
atop
47%
crystal
47%
dreams
47%
friend,
47%
make
47%
haze,
45%
Jezebel
45%
Starry
45%
sure
45%
beer
43%
fun
43%
paranoia
43%
Somehow,
43%
wet
43%
become
41%
wasted
41%
dangling
39%
dress
39%
Halloween?
39%
again
37%
first
37%
gave
37%
ginger
37%
ale
35%
gift
35%
hard
35%
Jumped
35%
landed
35%
Maybe
35%
spilled
35%
we'll
35%
disrespected
33%
feet
33%
Tracksuit
33%
golf
31%
ponytail
31%
Red
31%
trampoline
31%
wine
31%
ankle,
29%
broken
29%
swing
29%
body
27%
hide
27%
karma
27%
rules
27%
yoga
25%
No matching quizzes found
Score Distribution
Percent of People with Each Score
Percentile by Number Answered
Your Score History
You have not taken this quiz